| 000 | 00422nam a22001817a 4500 | ||
|---|---|---|---|
| 003 | MPLRDC | ||
| 005 | 20220104124039.0 | ||
| 008 | 210129b ||||| |||| 00| 0 eng d | ||
| 020 | _a978-983-40814-7-8 | ||
| 082 | _a868.71 ZHQ | ||
| 100 | _a卓卉勤 | ||
| 245 |
_a广播经 _c |
||
| 250 | _a初版 | ||
| 260 |
_a马来西亚 _b卓卉勤 _c2007 |
||
| 300 | _b144 | ||
| 650 | _a马华文学 | ||
| 942 |
_cBK _o868.71 ZHQ |
||
| 999 |
_c16235 _d16225 |
||